000 00423nam a2200145 a 4500
001 000017503
005 20200929165132.0
008 100326s1958 dr 000 0 spa d
040 _aDO-SdBNP
_bspa
_cBNPHU
082 _axxx
_bI61e
245 0 0 _aIntroducción al estudio del espacio exterior.
260 _aCiudad Trujillo, República Dominicana :
_bEditora Del Caribe,
_c1958.
300 _a22 p. ;
_c22 cm.
049 _aBNPD
999 _c17028
_d17028